| 000 | 00402nam a2200121Ia 4500 | ||
|---|---|---|---|
| 008 | 220615s9999||||xx |||||||||||||| ||und|| | ||
| 245 | 0 | _aMedical Isotopes | |
| 546 | _aEnglish[eng] | ||
| 650 | _aNuclear chemistry, photochemistry & radiation | ||
| 700 | _aAli Raza Naqvi, Syed||Babar Imrani, Muhammad | ||
| 856 | _uhttps://mts.intechopen.com/storage/books/7769/authors_book/authors_book.pdf | ||
| 942 | _cEB | ||
| 999 |
_c9861 _d9861 |
||